000
00234nmm a2200085Ia 4500
008
220120s9999||||xx |||||||||||||||||und||
100
_a
IT
_9
10698
245
0
_a
Squid web proxy : win proxy 6.1, Java server 2.4.6.1, free p
260
_c
2006
999
_c
138500
_d
138500